[Event "Syre Memorial op 35th"]
[Site "Issy les Moulineaux"]
[Date "2012.05.20"]
[Round "6"]
[White "Deschamps, Bruno"]
[Black "Kirszenberg, Marc"]
[Result "0-1"]
[WhiteElo "1564"]
[BlackElo "2194"]
[PlyCount "76"]
[EventDate "2012.05.17"]
[EventType "swiss"]
[EventRounds "6"]
[EventCountry "FRA"]
[SourceTitle "EXT 2015"]
[Source "ChessBase"]
[SourceDate "2014.11.20"]
[SourceVersion "1"]
[SourceVersionDate "2014.11.20"]
[SourceQuality "1"]

1. e4 d5 2. e5 c5 3. c3 Nc6 4. Bb5 Qb6 5. Bxc6+ bxc6 6. Nf3 Bg4 7. d3 e6 8. b3 Ne7 9. Qc2 h6 10. h3 Bf5 11. Na3 g5 12. g4 Bh7 13. Be3 Qa6 14. Bxc5 Bxd3 15. Qd2 Be4 16. Qe3 Ng6 17. Bxf8 Kxf8 18. h4 Qxa3 19. hxg5 Bxf3 20. Rxh6 Be4 21. f3 Qb2 22. Rd1 Bc2 23. Rxh8+ Nxh8 24. Rc1 Ng6 25. Qd2 Nxe5 26. Qxc2 Qxc2 27. Rxc2 Nxf3+ 28. Kf2 Nxg5 29. Kg3 Kg7 30. c4 Ne4+ 31. Kf4 Rc8 32. Ke5 Kg6 33. a4 a5 34. cxd5 exd5 35. Rb2 Re8+ 36. Kd4 Kg5 37. b4 axb4 38. Rxb4 c5+ 0-1